000 00402nam a2200169Ia 4500
001 20381
003 IN-NITTTR
005 20251114233233.0
008 251113s9999||||xx |||||||||||||| ||eng||
040 _beng
040 _cIN-NITTTR
041 _aeng
082 _a006.3 A95
100 _aNossum, Rolf T.
245 0 _aLecture notes in artificial intelligence /
_cNossum, Rolf T.
942 _2ddc
_cBK
999 _c23014
_d23014